000 00421nam a2200145Ia 4500
008 240729s9999 xx 000 0 und d
022 _a2588-8404
245 0 _aInternational Journal of Lightweight Materials and Manufacture
260 _aChina
260 _bKeAi Communications Co., Ltd.
650 _aTechnology
856 _uhttps://doaj.org/toc/219c2b350cbd4638aa05716b7e7b0574
942 _2ddc
942 _cDOAJEJ
999 _c67766
_d67766
945 _a1
_bMadushi Gamage
_c1
_dMadushi Gamage